000 01245nam a2200217 a 4500
090 _aIAVH
_b00765 CD-1
041 _aspa
110 _bFundación Pangea
_91305
245 _aIdentificación de oportunidades de conservación, diseño y negociación de herramientas de manejo del paisaje en la ventana de paisaje rural ganadero en la cuenca media del río Chambery (Aranzazu - Caldas)
260 _aArmenia
_bInstituto Alexander von Humboldt
_c2005
300 _a29 p.
520 _aSe presentan el análisis de la caracterización biológica y socioeconómica de la ventana de Chambery. Se presenta una propuesta de los sitios a intervenir, y posibles HMP, un listado de sitios priorizados para la negociación y concertación y un resumen de discusión y negociación con propietarios de predios y entes territoriales.
650 _aCaracterización biológica
_92833
650 _aCaracterización socioeconómica
_91318
650 _aHerramientas de manejo del Paisaje
_992473
650 _aHMP
_92851
650 _aConservación
_992401
662 _aColombia
_cRío Chambery
_dAranzazu
_bCaldas
945 _d2007-08-16
773 0 _05986
_99704
_a
_b
_dBogotá Informatica documental 2007
_o024802
_tInformes de investigaciones IAVH en PDF
_w
_x
_z
999 _c6007
_d6007